000 00383nam a22001697a 4500
003 OSt
005 20211125123604.0
008 211125b |||||||| |||| 00| 0 eng d
020 _a9788126148431
040 _chu
082 _a371.102
100 _aumesh kumar
_920557
245 _aapplied educational learning
260 _bhall
_c2012
300 _a284
942 _2ddc
_cBOOKS
_n0
999 _c20163
_d20163